000
00278nam a2200109Ia 4500
008
190914s9999||||xx |||||||||||||| ||und||
100
_a
Hafiz Basheer Ahmed
245
0
_a
Chand Yaadain Chand Baatain
260
_a
Karachi
_b
Idarahai Kutub Hafiz
_c
2004
300
_a
352
942
_c
BK
999
_c
9435
_d
9435